Medium-term determinants of current accounts in industrial and developing countries an empirical exploration

Saved in:
Bibliographic Details
Main Author: Chinn, Menzie D.
Other Authors: Prasad, Eswar S.
Format: Book
Language:English
Published: Washington International Monetary Fund 2000
Series:IMF Working Paper WP/00/46
Subjects:
Tags: Add Tag
No Tags, Be the first to tag this record!

MARC

LEADER 00000nam a2200000 4500
001 c124166
005 20221221082940.8
041 0 |a eng 
044 |a US 
245 1 0 |a Medium-term determinants of current accounts in industrial and developing countries  |b an empirical exploration  |c Menzie D. Chinn and Eswar S. Prasad 
264 1 |a Washington  |b International Monetary Fund  |c 2000 
300 |a 39 s. 
490 1 |a IMF Working Paper  |v WP/00/46 
830 0 |a IMF Working Paper  |v WP/00/46 
610 2 0 |a účty bežné 
610 2 0 |a krajiny rozvojové 
610 2 0 |a krajiny vyspelé 
610 2 0 |a makroekonomika 
610 2 0 |a investície 
100 1 |a Chinn, Menzie D. 
700 1 |a Prasad, Eswar S.